Wappen Quiz #1 - Statistiken

Allgemein
  • Dieses Quiz wurde 352 mal gespielt
  • Das Durchschnittsergebnis liegt bei 11 aus 15
Antwortstatistiken
Bildquiz Antwort % Korrekt
Albanien
98%
Deutschland
95%
Österreich
91%
Kroatien
90%
Portugal
89%
Spanien
87%
Weißrussland
83%
Belgien
79%
Ungarn
77%
Ukraine
69%
Irland
67%
Tschechien
51%
Vereinigtes Königreich
48%
Schweden
47%
Dänemark
41%
Keine übereinstimmenden Quizze gefunden
Verteilung der Resultate
Anzahl Personen mit jedem Resultat
Perzentil nach korrekt beantworteten Fragen
Ihre Resultats-Entwicklung
Sie haben dieses Quiz noch nicht gespielt